| 000 | 02442nam0a2200445 4500 | ||
|---|---|---|---|
| 001 | RU\NLR\BIBL_A\022737089 | ||
| 005 | 20260408093734.0 | ||
| 021 |
_aRU _bКН-П-25-080452 _9КН-П-25-7797 |
||
| 029 | 1 | 0 |
_aRU _b35271-2025 _cГОСТ |
| 029 | 1 | 0 |
_aRU _b19840:2012 _cISO |
| 035 | _a(NLR Aleph) 022737089 | ||
| 090 |
_a13654198 _c13654198 |
||
| 100 | _a20260226d2025 k y0rusy50 ca | ||
| 101 | 0 | _arus | |
| 102 | _aRU | ||
| 105 | _aa l 000|y | ||
| 181 | 0 |
_ai _baxxe |
|
| 182 | 0 | _an | |
| 200 | 1 |
_aМатериалы лакокрасочные _iИзмерение и критерии приемки толщины высохшего покрытия на шероховатых поверхностях _dPaints and varnishes. Measurement of, and acceptance criteria for, the thickness of dry films on rough surfaces _zeng _eГОСТ 35271-2025 (ISO 19840:2012) _fПодготовлен Научно-производственным холдингом "ВМП" (АО НПХ "ВМП") |
|
| 203 |
_aТекст _bвизуальный _cнепосредственный |
||
| 205 | _aИзд. офиц. | ||
| 210 |
_aМосква _cРоссийский институт стандартизации _d2025 |
||
| 215 |
_aVI, 17, [1] с. _cил. _d29 |
||
| 225 | 1 |
_aМежгосударственный стандарт _fМежгосударственный совет по стандартизации, метрологии и сертификации |
|
| 239 | _aВвед. 01.10.2025 | ||
| 320 | _aБиблиогр. в конце текста (2 назв.) | ||
| 510 | 1 |
_aPaints and varnishes _zeng |
|
| 510 | 1 |
_aMeasurement of, and acceptance criteria for, the thickness of dry films on rough surfaces _zeng |
|
| 517 | 1 | _aГОСТ 35271-2025 | |
| 517 | 1 | _aISO 19840:2012 | |
| 606 | 1 |
_aЛакокрасочные покрытия _jСтандарты _xТолщина _xОпределение _92688883 _3RU\NLR\AUTH\6601763473 |
|
| 686 |
_v2000 _2oks |
||
| 686 | 1 | _aЛ749-106.1c.я861 | |
| 712 | 0 | 2 |
_4725 _aМежгосударственный совет по стандартизации, метрологии и сертификации _9321571 _3RU\NLR\AUTH\8823529 |
| 712 | 0 | 2 |
_4900 _a"ВМП", научно-производственный холдинг _cЕкатеринбург _92700294 _3RU\NLR\AUTH\880639851 |
| 942 | _cBOOK | ||
| 980 | _aNB | ||